1596 1881 1045 1603 1707 1983 1096 1486 1348 1195 1932 1111 1083 1613 1950 1232 1305 1199 1604 1678 1292 1534 1402 1761 1471 1849 1780 1464 1254 1268 1167 1749 1615 1823 1752 1530 1159 1431 1084 1310 1148 1957 1118 1791 1498 1576 1560 1137 1273 1394 1460 1068 1989 1180 1693 1627 1650 1769 1005 1141 1618 1168 1042 1354 1266 1341 1672 1345 1910 1734 1016 1442 1945 1435 1770 1453 1293 1567 1928 1651 1669 1921 1401 1001 1792 1912 1095 1475 1565 1991 1486 1723 1065 1113 1210 1188 1756 1220 1374 BCNSPRNW ULIB Ver.6.0+V

เปลี่ยนเป็นภาษาไทย

Change to English
 แสดงรายละเอียดบรรณานุกรม
  กลับหน้าหลัก

Brief Record : Get Marc (ISO 2709) : E-mail record : QR code < ปิดหน้าต่าง
LEADER : 00000nam 2200000uu 4500
001    13399115147
003     ULIB
008    120713s2550||||th 000 0 tha d
020    ^a9789749601389
050  4 ^aHQ772^bช225ค
100 0  ^aชาฟเฟ, ลอรา
245 00 ^aคู่มือ Kid ดี เรียนรู้เพื่ออยู่ร่วมกันในสังคม/^cชาฟเฟ, ลอรา,เขียน;^cภัทรมน พัวไพโรจน์,แปล
246 0  เรียนรู้เพื่ออยู่ร่วมกันในสังคม
260    ^aกรุงเทพฯ:^bนานมีบุ๊คส์พับลิเคชั่นส์;^c2550.
300    ^a208 หน้า:^bภาพประกอบ;^c14 ซม.
650  0 ^aเด็ก--การดำเนินชีวิต
700    ^a ภัทรมน พัวไพโรจน์,แปล
945    ^p195^l0^i19140
995    ^aเกษร
999 ^a ใช้งานได้ทุกระบบ
รายการนี้ยังไม่มีแท็ก
คุณยังไม่ได้ล็อกอิน คุณสามารถมีกิจกรรมร่วมกับเว็บไซต์ได้ แต่ต้องล็อกอินก่อน ::
  ล็อกอิน

รายการสื่อสารสนเทศ

ลำดับที่ ประเภท เลขเรียก/บาร์โค้ด สถานที่ สถานะ
- ไม่พบข้อมูล -

BibComment


ยังไม่เคยถูกคอมเมนท์

คอมเมนท์ทรัพยากรรายการนี้
  คอมเมนท์: คู่มือ Kid ดี เร..


 Copyright 2026. Bcnsprnw @Library